| 000 | 00815nam a2200181 a 4500 | ||
|---|---|---|---|
| 008 | 160919s2015 ||||||||||||||||| || u | ||
| 050 | _aCBU-PG THESIS/SII | ||
| 100 | _aSiingwa, John Learnon | ||
| 245 | 1 | 0 |
_aEvaluation of effects of the legal and institutional framework provisions on gender based violence in Zambian secondary schools: a case of Ndola district _cby John Learnon Siingwa |
| 260 |
_aKitwe _bCopperbelt University _c2015 |
||
| 300 | _axiii, 122p.: ill. | ||
| 500 | _aBibliography | ||
| 650 | 0 | _aWOMEN'S RIGHTS | |
| 650 | _aGENDER BASED VIOLENCE--ZAMBIA | ||
| 650 | _aHUMAN RIGHTS ADVOCACY--ZAMBIA | ||
| 650 | _aGENDER DISCRIMINATION--ZAMBIA | ||
| 995 |
_aSPECIAL COLLECTIONS _e746626 _FCBU-DAG HAMMARSKJOLD INSTITUTE LIBRARY _jCBU-PG THESIS/SII _M1 _UAVAILABLE _WSep 19, 2016 _yB2358 _ZUniversity Collection |
||
| 999 |
_c230 _d230 |
||